Phương pháp nghiên cứu khoa học giáo dục tiểu học
Nghiên cứu các vấn đề tổng quan về khoa học giáo dục, các cách tiếp cận phương pháp khoa học giáo dục hiện nay, các giai đoạn tiến hành nghiên cứu một công trình khoa học giáo dục và giới thiệu một số đề cương nghiên cứu đề tài trong lĩnh vực giáo dục tiểu học...
Spremljeno u:
| Glavni autor: | |
|---|---|
| Format: | Knjiga |
| Jezik: | Vietnamese |
| Izdano: |
H.
Đại học Sư phạm
2009
|
| Teme: | |
| Oznake: |
Dodaj oznaku
Bez oznaka, Budi prvi tko označuje ovaj zapis!
|
| Thư viện lưu trữ: | Mạng thư viện Đại học Đà Nẵng |
|---|
| LEADER | 01607aam a22003618a 4500 | ||
|---|---|---|---|
| 001 | 000023178 | ||
| 003 | 19627 | ||
| 005 | 20150602140641.0 | ||
| 008 | 150602s2009 viesd | ||
| 020 | |c 21500đ |d 1000b | ||
| 041 | 0 | |a vie | |
| 082 | 1 | 4 | |2 14 |a 372.0721 |b PH-H |
| 100 | 1 | |a Phó Đức Hòa | |
| 245 | 1 | 0 | |a Phương pháp nghiên cứu khoa học giáo dục tiểu học |c Phó Đức Hòa |
| 260 | |a H. |b Đại học Sư phạm |c 2009 | ||
| 300 | |a 128 tr. |b bảng |c 24 cm. | ||
| 504 | |a Thư mục: tr. 92, 128. - Phụ lục: tr. 93-127 | ||
| 520 | |a Nghiên cứu các vấn đề tổng quan về khoa học giáo dục, các cách tiếp cận phương pháp khoa học giáo dục hiện nay, các giai đoạn tiến hành nghiên cứu một công trình khoa học giáo dục và giới thiệu một số đề cương nghiên cứu đề tài trong lĩnh vực giáo dục tiểu học | ||
| 650 | 0 | 4 | |2 Bộ TK TVQG |a Giáo dục tiểu học |x Nghiên cứu khoa học |
| 650 | 7 | |2 Bộ TK TVQG | |
| 653 | |a Nghiên cứu khoa học | ||
| 653 | |a Phương pháp nghiên cứu | ||
| 653 | |a Giáo dục iiểu học | ||
| OWN | |a LSP | ||
| AVA | |a UDN50 |b LSP |d 372.0721 PH-H |e available |t Error 5001 Not defined in file expand_doc_bib_avail. |f 5 |g 1 |h N |i 20 |k 1 | ||
| 999 | |a From the UDN01 | ||
| AVA | |a UDN50 |b LSP |d 372.0721 PH-H |e available |t Error 5001 Not defined in file expand_doc_bib_avail. |f 5 |g 1 |h N |i 20 |k 1 | ||
| TYP | |a Monograph | ||
| TYP | |a Printed language | ||
| 980 | |a Mạng thư viện Đại học Đà Nẵng | ||